| 000 | 00373nam a22001217a 4500 | ||
|---|---|---|---|
| 082 |
_a388.1 _bROA |
||
| 245 | _aRoad Deterioration in Developing Countries and Low-Volume Road Engineering | ||
| 260 |
_aWashington DC _bNational Research Council _c1987 |
||
| 300 |
_a92 p.: _bill, _c28 cm |
||
| 526 |
_a0 _b0 _c0 _d388_100000000000000_ROA |
||
| 650 |
_aMCE _9379 |
||
| 942 |
_2ddc _cBK |
||
| 999 |
_c543165 _d543165 |
||